000 00543nam a2200217Ia 4500
003 OSt
005 20250917095635.0
008 210719s1984 xx 000 0 und d
040 _cAL
041 _aTulu
082 _aT894.2 KOKK
100 _aKOKRADI (K J)
_dಕೊಕ್ರಾಡಿ (ಕೆ ಜೆ)
_9239007
245 _aKaveri
_b ಕಾವೇರಿ
260 _aMangaluru
_c1984
300 _a64
_bPB
365 _b5
_cRs
650 _aTulu Drama
_9239008
650 _aTulu Drama
_9239008
906 _aKaveri
942 _2ddc
_cBK
999 _c214785
_d214785